| 000 | 00649nam a22002057a 4500 | ||
|---|---|---|---|
| 999 |
_c12750 _d12750 |
||
| 003 | AR-CdUCM | ||
| 008 | 190410b ||||| |||| 00| 0 spa d | ||
| 040 |
_aMUNICIPALIDAD PROVINCIAL DEL CUSCO _cBIBLIOTECA MUNICIPAL DEL CUSCO |
||
| 082 |
_aES / 800 / _bAN59 |
||
| 100 |
_aAndersen, Hans Christian _912210 |
||
| 245 | _aCuentos / | ||
| 260 |
_aBarcelona : _bNoguer S. A. ; _c1963. |
||
| 300 |
_a319 pƔginas ; _bIlustraciones _c24cm |
||
| 505 | _aContenido: Cuentos | ||
| 650 |
_aCuentos _9217 |
||
| 650 |
_aLiteratura universal _9611 |
||
| 700 |
_aGrabianski, Janusz (ilustración) _930785 |
||
| 942 |
_2ddc _cLIBROS |
||
| 945 |
_anom _d2019-04-10 |
||